000 00778nam a2200253Ia 4500
003 OSt
005 20220923210947.0
006 a|||||r|||| 00| 0
007 ta
008 Pun
020 _a8126004215 (pbk)
024 _a234,962
037 _cTextual
040 _aARTS
_cARTS
_bPun
041 _2Pun
_aPun
082 _aO153,1L30:g, K9;P6
100 _aਸੇਖੋ੍ਵ, ਸ੍ਵਤ ਸਿੰਘ, ਥਦ.
_9156549
245 0 _aਹੀਰ ਵਾਰਿਸ Fਾਹ
260 _aਦਿੱਲੀ
_b ਸਾਹਿਤ ਅਕਾਦੇਮੀ
_c2006
300 _a336ਪੰ
_ccm.
650 _aਪੰਜਾਬੀ ਸਾਹਿਤ
942 _hO153,1L30:g, K9;P6
_cTEXL
_2CC
999 _c293182
_d293182